[Event "80th Tata Steel Masters 2018"]
[Site "Wijk aan Zee"]
[Date "2018.01.27"]
[Round "12"]
[White "Giri, Anish"]
[Black "Adhiban, B.."]
[Result "1-0"]
[WhiteElo "2752"]
[BlackElo "2655"]
[Annotator "TA"]
[PlyCount "83"]
[EventDate "2018.??.??"]
[EventType "tourn"]
[EventRounds "4"]
[EventCountry "NED"]
[SourceTitle "playchess.com"]
[Source "ChessBase"]
[SourceQuality "1"]

1. c4 g6 2. d4 Bg7 3. Nf3 c5 4. d5 d6 5. e4 e6 6. Bd3 exd5 7. cxd5 Bg4 8. Nbd2 Nf6 9. O-O O-O 10. h3 Bxf3 11. Nxf3 c4 12. Bxc4 Nxe4 13. Re1 Re8 14. Qc2 Nf6 15. Rxe8+ Nxe8 16. Bg5 Nf6 17. Nd4 Qb6 18. Be3 Ng4 19. Qe4 Nf6 20. Qe7 Nbd7 21. Nb5 Bf8 22. Bxb6 Bxe7 23. Bxa7 Ne5 24. b3 Nxc4 25. bxc4 Rc8 26. Re1 Bf8 27. Bd4 Nd7 28. Rc1 Ra8 29. Rc2 Ra6 30. Re2 Ra4 31. Re8 Rxc4 32. Rd8 Ne5 33. f4 Nd3 34. Bf6 Re4 35. Nxd6 Re1+ 36. Kh2 Nf2 37. Bg5 h5 38. Bh6 h4 39. g4 Kh7 40. Rxf8 Nd3 41. Rxf7+ Kh8 42. Rf8+ 1-0

[Event "80th Tata Steel Masters 2018"]
[Site "Wijk aan Zee"]
[Date "2018.01.27"]
[Round "12"]
[White "Hou, Yifan"]
[Black "Wei, Yi"]
[Result "1/2-1/2"]
[WhiteElo "2680"]
[BlackElo "2743"]
[Annotator "TA"]
[PlyCount "89"]
[EventDate "2018.??.??"]
[EventType "tourn"]
[EventRounds "4"]
[EventCountry "NED"]
[SourceTitle "playchess.com"]
[Source "ChessBase"]
[SourceQuality "1"]

1. e4 e5 2. Nf3 Nf6 3. Nxe5 d6 4. Nf3 Nxe4 5. Nc3 Nxc3 6. dxc3 Be7 7. Be3 Nc6 8. Qd2 Be6 9. O-O-O Bf6 10. Kb1 Qd7 11. Bg5 Bxg5 12. Nxg5 O-O-O 13. Nxe6 Qxe6 14. Bb5 Qf5 15. Bxc6 bxc6 16. Rhe1 Rhe8 17. f3 c5 18. b3 Kb7 19. Re2 Re6 20. Rxe6 fxe6 21. Re1 e5 22. Qd5+ c6 23. Qd2 Kc7 24. Re4 Qd7 25. f4 exf4 26. Qe2 Qf5 27. Ra4 Kb8 28. Qa6 Qd7 29. Rxf4 Re8 30. Kb2 h6 31. Qd3 Kb7 32. h4 Re6 33. Rf8 Re7 34. g4 d5 35. g5 hxg5 36. hxg5 Rf7 37. Rg8 Re7 38. Rf8 Rf7 39. Rh8 Qd6 40. Qh3 d4 41. Re8 Rf2 42. Qd3 Rg2 43. cxd4 Qxd4+ 44. Qxd4 cxd4 45. Re7+ 1/2-1/2

[Event "80th Tata Steel Challengers 2018"]
[Site "Wijk aan Zee"]
[Date "2018.01.27"]
[Round "12"]
[White "Krasenkow, Michal"]
[Black "Amin, Bassem"]
[Result "0-1"]
[WhiteElo "2671"]
[BlackElo "2693"]
[Annotator "TA"]
[PlyCount "162"]
[EventDate "2018.??.??"]
[EventType "tourn"]
[EventCountry "NED"]
[SourceTitle "playchess.com"]
[Source "ChessBase"]
[SourceQuality "1"]

1. Nf3 Nf6 2. c4 g6 3. Nc3 Bg7 4. e4 d6 5. d4 O-O 6. h3 e5 7. d5 a5 8. Bg5 Na6 9. Be2 Qe8 10. g4 Nd7 11. a3 Nb6 12. b3 Bd7 13. Rg1 Kh8 14. Rb1 Nc5 15. Be3 f5 16. gxf5 gxf5 17. Qd2 Qe7 18. Bxc5 dxc5 19. Qg5 Bf6 20. Qh5 Nc8 21. d6 Nxd6 22. Nd5 Qf7 23. Qxf7 Rxf7 24. Nxf6 Rxf6 25. Nxe5 Be6 26. Nd3 fxe4 27. Nxc5 Bxh3 28. Rg3 Bf5 29. Rd1 Re8 30. Rd5 b6 31. Na6 c6 32. Rd2 Bg6 33. c5 bxc5 34. Nxc5 Nf5 35. Rg5 e3 36. fxe3 Nxe3 37. Nd7 Rfe6 38. Rxa5 Nd5 39. Kf2 R6e7 40. Bg4 Rf7+ 41. Kg3 h5 42. Bh3 Re3+ 43. Kh2 Rxh3+ 44. Kxh3 Rxd7 45. Rd4 Rf7 46. Ra6 Nf4+ 47. Kh4 c5 48. Rc4 Bd3 49. Ra8+ Kh7 50. Rxc5 Kh6 51. Rh8+ Bh7 52. Kg3 Ng6 53. Rb8 h4+ 54. Kg2 Nf4+ 55. Kh2 Re7 56. Rb6+ Bg6 57. Rf6 Re2+ 58. Kg1 Re1+ 59. Kh2 Re2+ 60. Kg1 Nh5 61. Rf2 Re1+ 62. Rf1 Re3 63. Rf8 Kg7 64. Rb8 Rg3+ 65. Kh2 Nf6 66. Rc7+ Kh6 67. Rh8+ Kg5 68. Rc5+ Kg4 69. Rc4+ Be4 70. Rh6 Rg2+ 71. Kh1 Re2+ 72. Kg1 Nh5 73. Rxh5 Kxh5 74. Kf1 Bd3 75. Rd4 Ba6 76. Ra4 Re6+ 77. Kf2 Bb7 78. b4 Rf6+ 79. Kg1 Kg4 80. Ra5 h3 81. Re5 Rd6 0-1

[Event "80th Tata Steel Challengers 2018"]
[Site "Wijk aan Zee"]
[Date "2018.01.27"]
[Round "12"]
[White "Korobov, Anton"]
[Black "Van Foreest, Lucas"]
[Result "1/2-1/2"]
[WhiteElo "2652"]
[BlackElo "2481"]
[Annotator "TA"]
[PlyCount "113"]
[EventDate "2018.??.??"]
[EventType "tourn"]
[EventCountry "NED"]
[SourceTitle "playchess.com"]
[Source "ChessBase"]
[SourceQuality "1"]

1. d4 Nf6 2. c4 e6 3. Nc3 Bb4 4. Nf3 d5 5. Bg5 dxc4 6. e4 h6 7. Bxf6 Qxf6 8. Bxc4 c5 9. O-O O-O 10. e5 Qd8 11. d5 Bxc3 12. bxc3 exd5 13. Bxd5 Nc6 14. Re1 Qc7 15. Qa4 Be6 16. Bxe6 fxe6 17. Qc4 Qe7 18. Nh4 Na5 19. Qg4 Qf7 20. f4 Nc6 21. g3 Rad8 22. Rad1 Rxd1 23. Rxd1 Rd8 24. Rxd8+ Nxd8 25. Qd1 Nc6 26. Kg2 Qc7 27. Nf3 Kf7 28. g4 Ne7 29. Kg3 Qc6 30. Qb1 Qd7 31. c4 a6 32. Qb6 Qc6 33. Qxc6 Nxc6 34. Nd2 Nb4 35. a4 Nd3 36. Ne4 b6 37. Nd6+ Ke7 38. Nc8+ Kd8 39. Nxb6 a5 40. f5 exf5 41. gxf5 Nxe5 42. Kf4 Nf7 43. h4 Kc7 44. Nd5+ Kd7 45. h5 Nd6 46. Ne3 Ne8 47. Nf1 Kd6 48. Nd2 Nf6 49. Ne4+ Ke7 50. Nxc5 Nxh5+ 51. Kf3 Nf6 52. Nb7 Nd7 53. Nxa5 Kd6 54. Kg4 Nc5 55. Kh5 Kc7 56. Kg6 Kb6 57. f6 1/2-1/2

[Event "80th Tata Steel Challengers 2018"]
[Site "Wijk aan Zee"]
[Date "2018.01.27"]
[Round "12"]
[White "Xiong, Jeffery"]
[Black "Gordievsky, Dmitry"]
[Result "1/2-1/2"]
[WhiteElo "2634"]
[BlackElo "2622"]
[Annotator "TA"]
[PlyCount "87"]
[EventDate "2018.??.??"]
[EventType "tourn"]
[EventCountry "NED"]
[SourceTitle "playchess.com"]
[Source "ChessBase"]
[SourceQuality "1"]

1. e4 c5 2. Nf3 e6 3. d4 cxd4 4. Nxd4 a6 5. c4 Nf6 6. Nc3 Qc7 7. a3 b6 8. Be3 Bb7 9. f3 d6 10. Be2 Be7 11. Rc1 O-O 12. O-O Nbd7 13. b4 Rfc8 14. Qd2 Qd8 15. Rfd1 Rab8 16. Kh1 h5 17. Bf2 Ne5 18. Na4 Nfd7 19. Qe3 Bg5 20. f4 Bh6 21. b5 Ng4 22. Bxg4 hxg4 23. Bg3 Ra8 24. Nxe6 fxe6 25. Rxd6 Qe8 26. Nxb6 Nxb6 27. Qxb6 Qxb5 28. Rd8+ Kf7 29. Qxb5 axb5 30. Rd7+ Kg8 31. Rxb7 bxc4 32. Rc3 e5 33. f5 Bd2 34. Rc2 Rxa3 35. Bxe5 Bh6 36. g3 Re3 37. f6 gxf6 38. Bxf6 Rxe4 39. Kg2 Rce8 40. h4 Re2+ 41. Rxe2 Rxe2+ 42. Kf1 Re3 43. Kg2 Re6 44. Bd4 1/2-1/2

[Event "80th Tata Steel Challengers 2018"]
[Site "Wijk aan Zee"]
[Date "2018.01.27"]
[Round "12"]
[White "Van Foreest, Jorden"]
[Black "L'Ami, Erwin"]
[Result "1/2-1/2"]
[WhiteElo "2629"]
[BlackElo "2634"]
[Annotator "TA"]
[PlyCount "61"]
[EventDate "2018.??.??"]
[EventType "tourn"]
[EventCountry "NED"]
[SourceTitle "playchess.com"]
[Source "ChessBase"]
[SourceQuality "1"]

1. e4 e5 2. Nf3 Nf6 3. Nxe5 d6 4. Nf3 Nxe4 5. d4 d5 6. Bd3 Bf5 7. O-O Be7 8. Re1 O-O 9. Nbd2 Nd6 10. Nf1 Nd7 11. Bf4 Bg6 12. c3 c6 13. Bxg6 fxg6 14. Ng5 Bxg5 15. Bxd6 Rf7 16. Qg4 Nf6 17. Qxg5 Qxd6 18. Nd2 Raf8 19. Re3 Nh5 20. Nf3 Nf4 21. Qg3 h6 22. Rae1 g5 23. Ne5 Rf5 24. Qg4 Ng6 25. Nd3 Nf4 26. Ne5 Ng6 27. Nxg6 Qxg6 28. Re6 R5f6 29. Rxf6 Qxf6 30. Qe2 g4 31. Qe6+ 1/2-1/2

[Event "80th Tata Steel Challengers 2018"]
[Site "Wijk aan Zee"]
[Date "2018.01.27"]
[Round "12"]
[White "Bok, Benjamin"]
[Black "Bluebaum, Matthias"]
[Result "1/2-1/2"]
[WhiteElo "2607"]
[BlackElo "2640"]
[Annotator "TA"]
[PlyCount "78"]
[EventDate "2018.??.??"]
[EventType "tourn"]
[EventCountry "NED"]
[SourceTitle "playchess.com"]
[Source "ChessBase"]
[SourceQuality "1"]

1. d4 d5 2. c4 e6 3. Nc3 Bb4 4. a3 Bxc3+ 5. bxc3 Nf6 6. e3 c6 7. Nf3 O-O 8. a4 Qc7 9. Ba3 Rd8 10. Rc1 Nbd7 11. cxd5 cxd5 12. Be2 Ne4 13. O-O Nb6 14. c4 Nxc4 15. Bxc4 dxc4 16. Ne5 Nd2 17. Re1 f6 18. Qxd2 fxe5 19. Qb4 a5 20. Qxc4 Qxc4 21. Rxc4 exd4 22. exd4 Bd7 23. Rc7 Bxa4 24. Rxb7 Rxd4 25. h3 Bd7 26. Bb2 Rd5 27. Rc1 a4 28. Rcc7 a3 29. Bxa3 Rxa3 30. Rxd7 Rxd7 31. Rxd7 Kf8 32. Kh2 h6 33. f3 Kg8 34. Re7 Ra6 35. h4 Kh7 36. g4 Kg6 37. Kg3 Kf6 38. Rb7 Ra4 39. h5 Ke5 1/2-1/2

[Event "80th Tata Steel Challengers 2018"]
[Site "Wijk aan Zee"]
[Date "2018.01.27"]
[Round "12"]
[White "Tari, Aryan"]
[Black "Harika, Dronavalli"]
[Result "1/2-1/2"]
[WhiteElo "2599"]
[BlackElo "2497"]
[Annotator "TA"]
[PlyCount "75"]
[EventDate "2018.??.??"]
[EventType "tourn"]
[EventCountry "NED"]
[SourceTitle "playchess.com"]
[Source "ChessBase"]
[SourceQuality "1"]

1. c4 e6 2. g3 d5 3. Bg2 Nf6 4. d4 Be7 5. Nf3 O-O 6. O-O dxc4 7. Ne5 Nc6 8. Nxc6 bxc6 9. Na3 Bxa3 10. bxa3 Ba6 11. a4 Qd6 12. Qd2 Rfb8 13. Qa5 Rb6 14. Rd1 Rab8 15. e4 Qf8 16. Bd2 h6 17. a3 Qc8 18. Bb4 Nd7 19. Qh5 Qe8 20. e5 Nf8 21. Qf3 Bb7 22. Qc3 Ba6 23. Qf3 Bb7 24. Qc3 Ba6 25. Bf1 Ng6 26. Bxc4 Bxc4 27. Qxc4 Ne7 28. Bc5 R6b7 29. a5 Nd5 30. a4 Rb2 31. a6 Qc8 32. Rdc1 Nb6 33. Qc3 Nd5 34. Qc4 Nb6 35. Qd3 Nd5 36. Bxa7 Ra8 37. Qa3 Rd2 38. Bc5 1/2-1/2

[Event "80th Tata Steel Challengers 2018"]
[Site "Wijk aan Zee"]
[Date "2018.01.27"]
[Round "12"]
[White "Girya, Olga"]
[Black "Vidit, Santosh Gujrathi"]
[Result "0-1"]
[WhiteElo "2489"]
[BlackElo "2718"]
[Annotator "TA"]
[PlyCount "52"]
[EventDate "2018.??.??"]
[EventType "tourn"]
[EventCountry "NED"]
[SourceTitle "playchess.com"]
[Source "ChessBase"]
[SourceQuality "1"]

1. d4 f5 2. g3 Nf6 3. Bg2 g6 4. Nd2 Bg7 5. e4 fxe4 6. Nxe4 Nxe4 7. Bxe4 d5 8. Bg2 Nc6 9. Ne2 Bg4 10. f3 Bf5 11. O-O Qd6 12. c3 e5 13. Be3 O-O-O 14. Qd2 h5 15. Rae1 h4 16. g4 h3 17. Bh1 Bd7 18. Rd1 Rde8 19. dxe5 Qxe5 20. Bd4 Nxd4 21. Nxd4 Bxg4 22. Rde1 Qh5 23. Rxe8+ Rxe8 24. fxg4 Qxg4+ 25. Kf2 Qh4+ 26. Kg1 Bh6 0-1

[Event "82nd Tata Steel Masters 2020"]
[Site "Wijk aan Zee"]
[Date "2020.01.25"]
[Round "12.1"]
[White "Carlsen, Magnus"]
[Black "Artemiev, Vladislav"]
[Result "1/2-1/2"]
[WhiteElo "2872"]
[BlackElo "2731"]
[Annotator "TA"]
[PlyCount "73"]
[EventDate "2020.01.11"]
[EventType "tourn"]
[EventCountry "NED"]
[SourceTitle "playchess.com"]
[Source "ChessBase"]
[SourceQuality "1"]

1. d4 Nf6 2. c4 g6 3. Nc3 d5 4. cxd5 Nxd5 5. e4 Nxc3 6. bxc3 Bg7 7. Be3 c5 8. Rc1 Qa5 9. Qd2 O-O 10. Nf3 Rd8 11. Be2 cxd4 12. cxd4 Qxd2+ 13. Bxd2 Na6 14. Be3 Bg4 15. Ne5 Bxe2 16. Kxe2 f5 17. Kf3 Rac8 18. h4 Nb4 19. exf5 gxf5 20. Rxc8 Rxc8 21. Rb1 a5 22. a3 Nd5 23. Rb5 e6 24. Rxa5 Bxe5 25. dxe5 Rc3 26. Ke2 Nxe3 27. fxe3 Rb3 28. Kf3 Kg7 29. g3 Kg6 30. a4 Rb4 31. Ra7 h6 32. Ra8 Re4 33. Ra5 Rb4 34. Ra7 Kh5 35. Ra8 Re4 36. Ra5 Rc4 37. Ra7 1/2-1/2

[Event "84th Tata Steel Masters 2022"]
[Site "Wijk aan Zee"]
[Date "2022.01.29"]
[Round "12.1"]
[White "Caruana, Fabiano"]
[Black "Carlsen, Magnus"]
[Result "0-1"]
[WhiteElo "2792"]
[BlackElo "2856"]
[Annotator "TA"]
[PlyCount "98"]
[EventDate "2022.01.15"]
[EventType "tourn"]
[EventCountry "NED"]
[SourceTitle "playchess.com"]
[Source "ChessBase"]
[SourceQuality "1"]

1. e4 c5 2. Nf3 Nc6 3. Bb5 g6 4. O-O Bg7 5. c3 Nf6 6. Re1 O-O 7. d4 d5 8. e5 Ne4 9. Be3 cxd4 10. cxd4 Qb6 11. Qe2 Bd7 12. Ba4 Rac8 13. Nc3 Nxc3 14. bxc3 Qd8 15. Bb3 Na5 16. Rac1 Nxb3 17. axb3 Qb6 18. Qa2 a5 19. Qa3 Rfe8 20. c4 dxc4 21. bxc4 Qa6 22. c5 Bc6 23. Rb1 a4 24. Rec1 Rcd8 25. Nd2 Qe2 26. f3 Rxd4 27. Bxd4 Qxd2 28. Rd1 Qf4 29. Qb4 e6 30. Bc3 Qxb4 31. Bxb4 Bxe5 32. Ba3 Bf6 33. Kf2 Be7 34. Rb6 Rc8 35. Rd2 f6 36. f4 e5 37. fxe5 fxe5 38. Re2 Rf8+ 39. Ke1 Rf5 40. Rb1 e4 41. Rc1 Bh4+ 42. g3 Bg5 43. Rb1 Rf3 44. Bc1 Bf6 45. Rb6 Rf5 46. Ba3 Kf7 47. Rf2 Rf3 48. Rxf3 exf3 49. Kf1 Bd4 0-1

[Event "85th Tata Steel Masters 2023"]
[Site "Wijk aan Zee"]
[Date "2023.01.28"]
[Round "12.1"]
[White "So, Wesley"]
[Black "Abdusattorov, Nodirbek"]
[Result "1/2-1/2"]
[WhiteElo "2760"]
[BlackElo "2713"]
[Annotator "TA"]
[PlyCount "82"]
[EventDate "2023.01.10"]
[EventType "tourn"]
[EventCountry "NED"]
[SourceTitle "playchess.com"]
[Source "ChessBase"]
[SourceQuality "1"]

1. d4 d5 2. c4 dxc4 3. Nf3 Nf6 4. e3 e6 5. Bxc4 c5 6. O-O a6 7. dxc5 Bxc5 8. Qxd8+ Kxd8 9. Be2 Ke7 10. Nbd2 Bd7 11. b3 Bb5 12. Nc4 Nbd7 13. Nd4 Rhc8 14. Bb2 Bxc4 15. Bxc4 Rc7 16. Rfd1 Rac8 17. Kf1 Bb4 18. Rac1 Ne4 19. Nf3 b5 20. Bd3 Nc3 21. Bxc3 Rxc3 22. Rxc3 Rxc3 23. Ke2 Nf6 24. Nd2 Nd5 25. Nb1 Rc7 26. Be4 Nf6 27. Bd3 h5 28. h3 e5 29. a3 Bd6 30. Kf3 h4 31. a4 bxa4 32. bxa4 Bb4 33. Bxa6 e4+ 34. Ke2 Rc2+ 35. Kf1 Nd7 36. Be2 f5 37. a5 Bxa5 38. Na3 Ra2 39. Nb5 g6 40. Nd4 Ne5 41. f4 exf3 1/2-1/2

[Event "83rd Tata Steel Masters 2021"]
[Site "Wijk aan Zee"]
[Date "2021.01.30"]
[Round "12.1"]
[White "Wojtaszek, Radoslaw"]
[Black "Carlsen, Magnus"]
[Result "1/2-1/2"]
[WhiteElo "2705"]
[BlackElo "2862"]
[Annotator "TA"]
[PlyCount "69"]
[EventDate "2021.01.16"]
[EventType "tourn"]
[EventCountry "NED"]
[SourceTitle "playchess.com"]
[Source "ChessBase"]
[SourceQuality "1"]

1. d4 d5 2. c4 e6 3. Nf3 c6 4. e3 Nf6 5. Nc3 Nbd7 6. Qc2 Bd6 7. Bd3 O-O 8. O-O dxc4 9. Bxc4 Qe7 10. a3 a6 11. h3 b5 12. Be2 Re8 13. Ng5 c5 14. dxc5 Nxc5 15. b4 Ncd7 16. Nce4 Nxe4 17. Nxe4 Be5 18. Bb2 Bxb2 19. Qxb2 Bb7 20. Bd3 Rac8 21. Rfc1 Bxe4 22. Bxe4 Nb6 23. Bd3 g6 24. Rxc8 Rxc8 25. Rc1 Rc7 26. g3 Rxc1+ 27. Qxc1 Qd6 28. Be2 Nc4 29. Bxc4 Qc6 30. Qc3 bxc4 31. Kf1 Qh1+ 32. Ke2 Qb1 33. Qxc4 Qb2+ 34. Kf3 Qxa3 35. b5 1/2-1/2

[Event "82nd Tata Steel Challengers 2020"]
[Site "Wijk aan Zee"]
[Date "2020.01.25"]
[Round "12.1"]
[White "Mamedov, Rauf"]
[Black "Abdusattorov, Nodirbek"]
[Result "1/2-1/2"]
[WhiteElo "2659"]
[BlackElo "2635"]
[Annotator "TA"]
[PlyCount "98"]
[EventDate "2020.01.11"]
[EventType "tourn"]
[EventCountry "NED"]
[SourceTitle "playchess.com"]
[Source "ChessBase"]
[SourceQuality "1"]

1. e4 c5 2. c3 Nf6 3. e5 Nd5 4. Nf3 d6 5. d4 cxd4 6. cxd4 Nc6 7. Bc4 dxe5 8. dxe5 Ndb4 9. Qb3 e6 10. O-O Na5 11. Bb5+ Bd7 12. Qa4 Bxb5 13. Qxb5+ Nac6 14. Nc3 a6 15. Qc4 Qd3 16. Qg4 Qg6 17. Qxg6 hxg6 18. Rd1 Be7 19. Bf4 Rd8 20. Rxd8+ Bxd8 21. Rd1 Ne7 22. Bg5 Bc7 23. g3 Nbd5 24. Kg2 Nxc3 25. bxc3 b5 26. c4 bxc4 27. Rc1 Nd5 28. Rxc4 Kd7 29. Ra4 a5 30. Bd2 Rb8 31. h4 Rb5 32. Nd4 Rb2 33. Bxa5 Bxe5 34. Nb3 Bd6 35. Bd2 Bc7 36. Ba5 Bxa5 37. Nxa5 Ke7 38. Nc4 Rb7 39. Ne5 Kf6 40. Ng4+ Ke7 41. Ne5 Kf6 42. Nf3 Ke7 43. Ng5 Nc3 44. Ra6 e5 45. Kf3 Rd7 46. Ra3 Nb1 47. Ra8 Nc3 48. Ra3 Nb1 49. Ra6 Nc3 1/2-1/2

[Event "84th Tata Steel Challengers 2022"]
[Site "Wijk aan Zee"]
[Date "2022.01.29"]
[Round "12.1"]
[White "Erigaisi Arjun"]
[Black "Nguyen, Thai Dai Van"]
[Result "1/2-1/2"]
[WhiteElo "2629"]
[BlackElo "2609"]
[Annotator "TA"]
[PlyCount "30"]
[EventDate "2022.01.15"]
[EventType "tourn"]
[EventCountry "NED"]
[SourceTitle "playchess.com"]
[Source "ChessBase"]
[SourceQuality "1"]

1. d4 Nf6 2. c4 e6 3. Nf3 d5 4. Nc3 Be7 5. Bf4 O-O 6. a3 b6 7. e3 Bb7 8. cxd5 Nxd5 9. Nxd5 Bxd5 10. Rc1 c5 11. dxc5 bxc5 12. Bc4 Bxc4 13. Qxd8 Rxd8 14. Rxc4 Nd7 15. Ke2 f6 1/2-1/2

[Event "85th Tata Steel Challengers 2023"]
[Site "Wijk aan Zee"]
[Date "2023.01.28"]
[Round "12.1"]
[White "Beerdsen, Thomas"]
[Black "Donchenko, Alexander"]
[Result "0-1"]
[WhiteElo "2515"]
[BlackElo "2627"]
[Annotator "TA"]
[PlyCount "44"]
[EventDate "2023.01.10"]
[EventType "tourn"]
[EventCountry "NED"]
[SourceTitle "playchess.com"]
[Source "ChessBase"]
[SourceQuality "1"]

1. e4 c6 2. d4 d5 3. e5 Bf5 4. h4 h5 5. c4 e6 6. Nc3 dxc4 7. Bxc4 Nd7 8. Nge2 Be7 9. g3 Nh6 10. Bf4 Qb6 11. O-O Rd8 12. Qc1 a6 13. Be3 c5 14. Rd1 Ng4 15. Bb3 O-O 16. dxc5 Bxc5 17. Na4 Bxe3 18. Nxb6 Bxc1 19. Nxd7 Bxb2 20. Nxf8 Rxf8 21. Nd4 Bg6 22. Rac1 Nxe5 0-1

[Event "82nd Tata Steel Masters 2020"]
[Site "Wijk aan Zee"]
[Date "2020.01.25"]
[Round "12.2"]
[White "Vitiugov, Nikita"]
[Black "Firouzja, Alireza"]
[Result "1/2-1/2"]
[WhiteElo "2747"]
[BlackElo "2723"]
[Annotator "TA"]
[PlyCount "66"]
[EventDate "2020.01.11"]
[EventType "tourn"]
[EventCountry "NED"]
[SourceTitle "playchess.com"]
[Source "ChessBase"]
[SourceQuality "1"]

1. e4 e5 2. Nf3 Nc6 3. Bb5 a6 4. Ba4 Nf6 5. O-O Bc5 6. c3 b5 7. Bb3 d6 8. d4 Bb6 9. Be3 O-O 10. Nbd2 h6 11. h3 Bb7 12. Re1 Re8 13. d5 Ne7 14. Bxb6 cxb6 15. a4 bxa4 16. Bxa4 b5 17. Bc2 Ng6 18. Bd3 Nh5 19. b4 Ngf4 20. Bf1 f5 21. exf5 Nf6 22. c4 bxc4 23. Nxc4 N4xd5 24. Na5 Qb6 25. Nxb7 Qxb7 26. Bc4 Kh8 27. Bxd5 Nxd5 28. Ra5 Nxb4 29. Qxd6 Rad8 30. Qg6 Nd3 31. Nxe5 Nxe1 32. Nf7+ Kg8 33. Nxd8 Qxg2+ 1/2-1/2

[Event "84th Tata Steel Masters 2022"]
[Site "Wijk aan Zee"]
[Date "2022.01.29"]
[Round "12.2"]
[White "Esipenko, Andrey"]
[Black "Rapport, Richard"]
[Result "1/2-1/2"]
[WhiteElo "2714"]
[BlackElo "2763"]
[Annotator "TA"]
[PlyCount "71"]
[EventDate "2022.01.15"]
[EventType "tourn"]
[EventCountry "NED"]
[SourceTitle "playchess.com"]
[Source "ChessBase"]
[SourceQuality "1"]

1. e4 e5 2. Nf3 Nc6 3. Bb5 Nf6 4. d3 Ne7 5. Nc3 c6 6. Bc4 d6 7. O-O h6 8. d4 Qc7 9. Nh4 g5 10. dxe5 dxe5 11. Qf3 Bg7 12. Nf5 Bxf5 13. exf5 Rd8 14. Bd3 Ned5 15. Nxd5 Nxd5 16. Be4 Nf6 17. c3 O-O 18. h3 Qb6 19. Qe2 Rd7 20. a4 Rfd8 21. Be3 Qc7 22. Qc4 Rd6 23. b4 b6 24. b5 Nxe4 25. Qxe4 cxb5 26. axb5 Qxc3 27. Rxa7 Qb3 28. Qb7 e4 29. Kh2 Rf8 30. Qxe4 Qxb5 31. Rb1 Qe5+ 32. Qxe5 Bxe5+ 33. g3 Rb8 34. Rb5 Bd4 35. Bxd4 Rxd4 36. Ra3 1/2-1/2

[Event "83rd Tata Steel Masters 2021"]
[Site "Wijk aan Zee"]
[Date "2021.01.30"]
[Round "12.2"]
[White "Grandelius, Nils"]
[Black "Tari, Aryan"]
[Result "1/2-1/2"]
[WhiteElo "2663"]
[BlackElo "2625"]
[Annotator "TA"]
[PlyCount "60"]
[EventDate "2021.01.16"]
[EventType "tourn"]
[EventCountry "NED"]
[SourceTitle "playchess.com"]
[Source "ChessBase"]
[SourceQuality "1"]

1. e4 e5 2. Nf3 Nc6 3. Bc4 Bc5 4. c3 Nf6 5. d4 exd4 6. e5 d5 7. Bb5 Ne4 8. cxd4 Bb6 9. Nc3 O-O 10. Be3 Bg4 11. h3 Bh5 12. Qc2 Ba5 13. O-O Bxf3 14. gxf3 Nxd4 15. Bxd4 Qg5+ 16. Kh1 Bxc3 17. Bxc3 Qf5 18. Rfc1 Qxh3+ 19. Kg1 Ng5 20. Be2 Qh4 21. Bd2 Nh3+ 22. Kg2 Qxf2+ 23. Kxh3 Qxe2 24. Kg3 Qxe5+ 25. Bf4 Qf6 26. Qxc7 Rae8 27. Qxb7 Qg6+ 28. Kf2 Qf6 29. Kg3 Qg6+ 30. Kf2 Qf6 1/2-1/2

[Event "85th Tata Steel Challengers 2023"]
[Site "Wijk aan Zee"]
[Date "2023.01.28"]
[Round "12.2"]
[White "Yilmaz, Mustafa"]
[Black "Supi, Luis Paulo"]
[Result "1/2-1/2"]
[WhiteElo "2609"]
[BlackElo "2608"]
[Annotator "TA"]
[PlyCount "61"]
[EventDate "2023.01.10"]
[EventType "tourn"]
[EventCountry "NED"]
[SourceTitle "playchess.com"]
[Source "ChessBase"]
[SourceQuality "1"]

1. d4 d5 2. c4 e6 3. Nc3 Be7 4. cxd5 exd5 5. Bf4 Nf6 6. e3 Bf5 7. Qb3 Nc6 8. g4 Bc8 9. h3 O-O 10. Nge2 Na5 11. Qc2 Nc4 12. Ng3 Bd6 13. Bxd6 Nxd6 14. Bd3 Kh8 15. f3 b6 16. O-O-O c5 17. g5 Nfe8 18. h4 Bb7 19. Kb1 Rc8 20. Bxh7 cxd4 21. exd4 Rxc3 22. bxc3 Nc4 23. Qd3 Qd6 24. Nf1 Nc7 25. Bf5 Ba6 26. Ka1 Nb2 27. Qc2 Nxd1 28. Qxd1 Qa3 29. Qd2 Nb5 30. Ne3 Nxc3 31. Qb2 1/2-1/2

[Event "84th Tata Steel Challengers 2022"]
[Site "Wijk aan Zee"]
[Date "2022.01.29"]
[Round "12.2"]
[White "Bjerre, Jonas Buhl"]
[Black "Zhu, Jiner"]
[Result "1/2-1/2"]
[WhiteElo "2586"]
[BlackElo "2478"]
[Annotator "TA"]
[PlyCount "86"]
[EventDate "2022.01.15"]
[EventType "tourn"]
[EventCountry "NED"]
[SourceTitle "playchess.com"]
[Source "ChessBase"]
[SourceQuality "1"]

1. d4 Nf6 2. c4 e6 3. Nf3 d5 4. Nc3 c5 5. cxd5 Nxd5 6. g3 cxd4 7. Nxd5 Qxd5 8. Qxd4 Qb5 9. e4 Qb4+ 10. Bd2 Nc6 11. Qxb4 Bxb4 12. Rc1 Bxd2+ 13. Kxd2 Ke7 14. Bb5 Bd7 15. Rc5 f6 16. Rhc1 e5 17. Ne1 Rhd8 18. Ke3 Rac8 19. Nd3 a6 20. Ba4 b5 21. Bb3 Nd4 22. Bd5 Rxc5 23. Nxc5 Rc8 24. b4 Ne6 25. Bxe6 Bxe6 26. f4 exf4+ 27. gxf4 g6 28. h4 Rc7 29. Rc3 Rc6 30. Ra3 Bc8 31. e5 h6 32. Ke4 fxe5 33. Kxe5 Rf6 34. Ke4 Rf5 35. Re3 Kf7 36. Kf3 a5 37. a3 axb4 38. axb4 g5 39. hxg5 hxg5 40. Nd3 gxf4 41. Nxf4 Bb7+ 42. Kg4 Bc8 43. Kf3 Bb7+ 1/2-1/2

[Event "82nd Tata Steel Challengers 2020"]
[Site "Wijk aan Zee"]
[Date "2020.01.25"]
[Round "12.2"]
[White "Keymer, Vincent"]
[Black "Nihal Sarin"]
[Result "1/2-1/2"]
[WhiteElo "2527"]
[BlackElo "2618"]
[Annotator "TA"]
[PlyCount "96"]
[EventDate "2020.01.11"]
[EventType "tourn"]
[EventCountry "NED"]
[SourceTitle "playchess.com"]
[Source "ChessBase"]
[SourceQuality "1"]

1. c4 c6 2. d4 d5 3. Nf3 Nf6 4. e3 g6 5. Be2 Bg7 6. O-O O-O 7. Nc3 Ne4 8. Qb3 dxc4 9. Qxc4 Nd6 10. Qd3 Bg4 11. e4 Nd7 12. Be3 Rc8 13. Rad1 Qa5 14. Nd2 Bxe2 15. Qxe2 Rfe8 16. Nb3 Qb4 17. Nc1 Qc4 18. Bf4 Rcd8 19. Qxc4 Nxc4 20. b3 e5 21. Bg5 f6 22. bxc4 fxg5 23. d5 Bf8 24. Nb3 Bb4 25. Rd3 Nc5 26. Nxc5 Bxc5 27. g3 h5 28. Kg2 Rf8 29. h3 Kg7 30. f3 Rf6 31. Rb1 b6 32. g4 h4 33. Rbd1 Kf8 34. Kf1 Ke8 35. Ne2 Ke7 36. Nc1 cxd5 37. cxd5 Rc8 38. Rc3 Rff8 39. Nb3 Ba3 40. Rcd3 Rc2 41. R1d2 Rfc8 42. Rxc2 Rxc2 43. Rd2 Rc3 44. Ke2 a5 45. Rd3 Rc2+ 46. Rd2 Rc3 47. Rd3 Rc2+ 48. Rd2 Rc3 1/2-1/2